Podnikové školy firmy Baťa jako inspirace pro současné odborné vzdělávání
Riadenie výroby a jej procesov podľa Tomáša Baťu. Úspešné fungovanie firmy a takzvaný "priemyselný" človek. Výchova a význam Baťovej sústavy riadenia podniku. Súčasné problémy súvisiace s Work Life Balance problematikou.
Saved in:
| Main Author: | |
|---|---|
| Other Authors: | , |
| Format: | Book Chapter |
| Language: | Czech |
| Subjects: | |
| Tags: |
No Tags, Be the first to tag this record!
|
MARC
| LEADER | 00000naa a2200000 4500 | ||
|---|---|---|---|
| 001 | 0205222 | ||
| 005 | 20231012072800.9 | ||
| 041 | 0 | |a cze | |
| 044 | |a SK | ||
| 245 | 1 | 0 | |a Podnikové školy firmy Baťa jako inspirace pro současné odborné vzdělávání |c Gabriela Končitíková, Šárka Janků, Růžena Petříková |
| 520 | |a Riadenie výroby a jej procesov podľa Tomáša Baťu. Úspešné fungovanie firmy a takzvaný "priemyselný" človek. Výchova a význam Baťovej sústavy riadenia podniku. Súčasné problémy súvisiace s Work Life Balance problematikou. | ||
| 610 | 2 | 0 | |a riadenie výroby |
| 610 | 2 | 0 | |a procesy podnikové |
| 610 | 2 | 0 | |a politika podnikania |
| 610 | 2 | 0 | |a vzdelávanie duálne |
| 610 | 2 | 0 | |a zodpovednosť podniku spoločenská |
| 100 | 1 | |a Končitíková, Gabriela | |
| 700 | 1 | |a Janků, Šárka | |
| 700 | 1 | |a Petříková, Růžena | |